000
00312nam a22001217a 4500
008
180806b xxu||||| |||| 00| 0 eng d
082
_a
813.52
245
_a
Theoretical and Scientific Foundations for Nursing Practice
_c
Laureate
260
_c
2011
300
_a
1
_f
CD
440
_x
18003390480
942
_2
ddc
_c
MX
999
_c
46870
_d
46870